Contabilidad 3 /

Guardado en:
Autor Principal: Fernández Durán, Elsa del Carmen Soria de
Formato: Libro
Publicado: Buenos Aires : Kapelusz, 1983
Materias:
Etiquetas: Agregar Etiqueta
Sin Etiquetas, Sea el primero en etiquetar este registro!
LEADER 01996nam a22003255a 4500
001 CEM.cems002408
005 20080227095428.0
008 130507s1983##################000#0#####d
003 CEMS
020 |a 9501324591 
082 0 4 |a Z657 
100 1 |a Fernández Durán, Elsa del Carmen Soria de 
245 1 0 |a Contabilidad 3 /  |c Elsa Del Carmen Soria de Fernández Durán 
260 |a Buenos Aires :  |b Kapelusz,  |c 1983 
300 |a 229 p. 
500 |a Para Polimodal, Nocturno y Terciario 
505 0 |a Sistema de información: la contabilidad -- Técnica del procesamiento de datos -- Pasivos -- Informaciones respecto a pasivos con garantías -- Deudas en moneda extranjera -- Activos -- Activos afectados al objeto principal del ente -- Información y control de mercaderías -- Destino de ciertos recursos: inversiones -- Patrimonio neto -- Informaciones respecto al patrimonio neto -- Contabilidad descentralizada-centralizada -- Estados contables -- Clasificación de cuentas 
653 |a Contabilidad 
859 |a CEMS  |b BIB. CEMS - 11 de abril  |h Z657  |i F391  |p 12421.83  |t Ej.1  |v 3º  |3 3º 
859 |a CEMS  |b BIB. CEMS - 11 de abril  |h Z657  |i F391  |p 12422.83  |t Ej.2  |v 3º  |3 3º 
859 |a CEMS  |b BIB. CEMS - 11 de abril  |h Z657  |i F391  |p 12423.83  |t Ej.3  |v 3º  |3 3º 
859 |a CEMS  |b BIB. CEMS - 11 de abril  |h Z657  |i F391  |p 12424.83  |t Ej.4  |v 3º  |3 3º 
859 |a CEMS  |b BIB. CEMS - 11 de abril  |h Z657  |i F391  |p 12425.83  |t Ej.5  |v 3º  |3 3º 
859 |a CEMS  |b BIB. CEMS - 11 de abril  |h Z657  |i F391  |p 12426.83  |t Ej.6  |v 3º  |3 3º 
859 |a CEMS  |b BIB. CEMS - 11 de abril  |h Z657  |i F391  |p 12427.83  |t Ej.7  |v 3º  |3 3º 
859 |a CEMS  |b BIB. CEMS - 11 de abril  |h Z657  |i F391  |p 12428.83  |t Ej.8  |v 3º  |3 3º 
859 |a CEMS  |b BIB. CEMS - 11 de abril  |h Z657  |i F391  |p 16270.91  |t Ej.9  |v 3º  |3 3º 
859 |a CEMS  |b BIB. CEMS - 11 de abril  |h Z657  |i F391  |p 16271.91  |t Ej.10  |v 3º  |3 3º 
859 |a CEMS  |b BIB. CEMS - 11 de abril  |h Z657  |i F391  |p 16272.91  |t Ej.11  |v 3º  |3 3º 
859 |a CEMS  |b BIB. CEMS - 11 de abril  |h Z657  |i F391  |p 23547.06  |t Ej.12  |v 3º  |3 3º